000 00581nam a2200181Ia 4500
999 _c21499
_d21499
003 OSt
005 20200708130502.0
008 190216s9999||||xx |||||||||||||| ||und||
020 _a9780195633627
040 _coclc
082 _a954.03
_bCHA/S
100 _a Chatterjee, Partha
_92559
245 0 _aSubaltern Studies 7 :
_bWritings On South Asian History And Society /
_cPartha Chatterjee ; Gyanendra Pandey
260 _bOxford University Press,
_c2011.
_aDelhi:
300 _a272p
650 _aHistory
942 _cBK
_2ddc
_h954.03
_iCHA/S
_k954.03
_mCHA/S